विवश तथा अन्य कहानियां / (Record no. 116457)

MARC details
000 -LEADER
fixed length control field 01079nam a22002777a 4500
003 - CONTROL NUMBER IDENTIFIER
control field dpl
005 - DATE AND TIME OF LATEST TRANSACTION
control field 20190226133302.0
008 - FIXED-LENGTH DATA ELEMENTS--GENERAL INFORMATION
fixed length control field 190226b ||||| |||| 00| 0 eng d
010 ## - LIBRARY OF CONGRESS CONTROL NUMBER
LC control number B-073660
020 ## - INTERNATIONAL STANDARD BOOK NUMBER
Terms of availability 150.00
035 ## - SYSTEM CONTROL NUMBER
System control number B-073660, B-073664
037 ## - SOURCE OF ACQUISITION
Source of stock number/acquisition Cen Lib/Ret
040 ## - CATALOGING SOURCE
Original cataloging agency DPL
Language of cataloging HN
Transcribing agency 0
082 ## - DEWEY DECIMAL CLASSIFICATION NUMBER
Classification number
Item number कश्यप
100 ## - MAIN ENTRY--PERSONAL NAME
Personal name कश्यप, रीता
9 (RLIN) 66632
245 ## - TITLE STATEMENT
Title विवश तथा अन्य कहानियां /
Statement of responsibility, etc रीता कश्यप
246 ## - VARYING FORM OF TITLE
Title proper/short title Vivash tatha anya kahaniyan /
Remainder of title by Reeta Kashyap
260 ## - PUBLICATION, DISTRIBUTION, ETC. (IMPRINT)
Place of publication, distribution, etc दिल्ली
Name of publisher, distributor, etc पंकज बुक्स
Date of publication, distribution, etc 2004
270 ## - ADDRESS
Address 126-A, पटपड़गंज
City दिल्ली
Postal code 110091
300 ## - PHYSICAL DESCRIPTION
Extent 143पृ.
Dimensions 21सेमी (सजिल्द)
650 ## - SUBJECT ADDED ENTRY--TOPICAL TERM
Topical term or geographic name as entry element हिन्दी साहित्य
9 (RLIN) 66633
650 ## - SUBJECT ADDED ENTRY--TOPICAL TERM
Topical term or geographic name as entry element हिन्दी साहित्य --कहानियाँ
9 (RLIN) 66634
650 ## - SUBJECT ADDED ENTRY--TOPICAL TERM
Topical term or geographic name as entry element Hindi literature
9 (RLIN) 66635
650 ## - SUBJECT ADDED ENTRY--TOPICAL TERM
Topical term or geographic name as entry element Hindi literature --Stories
9 (RLIN) 66636
942 ## - ADDED ENTRY ELEMENTS (KOHA)
Source of classification or shelving scheme Dewey Decimal Classification
Koha item type Hindi Books
Classification part
Call number suffix कश्यप
Holdings
Withdrawn status Lost status Damaged status Not for loan Home library Current library Date acquired Source of acquisition Cost, normal purchase price Total Checkouts Full call number Barcode Date last seen Date checked out Copy number Cost, replacement price Price effective from Koha item type Source of classification or shelving scheme Collection code
        Central Library Central Library 24/08/2015 Cen Lib/Ret 150.00 1 क कश्यप B-073660 30/12/2024 23/11/2024 1 150.00 24/08/2015 Hindi Books    
        Shahdara Branch Shahdara Branch 26/02/2019 BPPD/PUB 150.00   क कश्यप B-073664 26/02/2019     150.00 26/02/2019 Hindi Books Dewey Decimal Classification Fiction

© Delhi Public Library
Hit Counter
free hit counter